=LDR 00000nam 2200000 4500 =001 INLIS000000000014046 =005 20130612105342 =008 ***********************************Ind** =035 ##$$0010-061300000014046 =041 ##$$a Ind =082 ##$$a R.413.1 =090 ##$$a R.413.1, Pra k =100 ##$$a Prakusa, Bambang =245 ##$$a Kamus kata baku, Bambang Prakusa =260 ##$$a 1992 $b Jakarta =300 ##$$a iv, 123 hlm, 21 cm =650 ##$$a Bahasa Indonesia - Kata baku - Kamus =850 ##$$a NBPNMAT